00295 2200121 4500245006900000250001100069100001700080650001600097005001900113260001800132041001400150336000900164 aLAPORAN KARYA SISWAb : SAVE OUR LOCAL FOODcCHAESYA P..BhText aCet. 1 aCHAESYA P..B aKarya Siswa a20240829112635 aJakartac2024 aIndonesia atext